Language Quiz

Random Language or French Quiz

Vocabulary Blitz LI Quiz Stats

 Plays Quiz Updated May 3, 2019

Score 0/5 Timer 01:00
37 Plays Today
% Correct
joie de vivre
89.1%
raison d'être
86.1%
je ne sais quoi
82.4%
savoir faire
79%
ne plus ultra
59.3%

You're not logged in!

Compare scores with friends on all Sporcle quizzes.
OR
Log In

Sporcle TV

Today on Sporcle TV


Watch our educational content, quiz creation guides, and fun videos on Sporcle TV.

Show Comments

Extras

Top Quizzes Today


Score Distribution

Your Account Isn't Verified!

In order to create a playlist on Sporcle, you need to verify the email address you used during registration. Go to your Sporcle Settings to finish the process.

Report this User

Report this user for behavior that violates our Community Guidelines.

Details: